000 00637nam a22002172 4500
001 0000001263
005 20151217151811.0
008 070228s xx 000 0 eng d
020 _a1412904013 :
_cKES 2,800
040 _aKABU
_cKABU
050 0 _aHA29
_b.S65
100 1 _aSpicer, John.
_@0000149890
245 1 0 _aMaking sense of multivariate data analysis.
260 _aLondon :
_bSage,
_c2005.
300 _axvii, 233 p.
650 0 _aSocial sciences
_xStatistical methods.
_@0000148274
650 0 _aMultivariate analysis.
_@0000149891
908 _a070228
950 _@1
999 _c5164
_d5164